Workshop Technology / (Record no. 31820)

000 -LEADER
fixed length control field 00492nam a22002057a 4500
003 - CONTROL NUMBER IDENTIFIER
control field Nust
005 - DATE AND TIME OF LATEST TRANSACTION
control field 20211215155142.0
008 - FIXED-LENGTH DATA ELEMENTS--GENERAL INFORMATION
fixed length control field 170112b xxu||||| |||| 00| 0 eng d
020 ## - INTERNATIONAL STANDARD BOOK NUMBER
International Standard Book Number 81-239-0401-0
038 ## - RECORD CONTENT LICENSOR
Staff Name khadija
040 ## - CATALOGING SOURCE
Transcribing agency .
082 ## - DEWEY DECIMAL CLASSIFICATION NUMBER
Classification number 670.423
Author Mark CHA
100 ## - MAIN ENTRY--PERSONAL NAME
Personal name W. A. Chapman
9 (RLIN) 35810
245 ## - TITLE STATEMENT
Title Workshop Technology /
Statement of responsibility, etc. Chapman ,W. A.
250 ## - EDITION STATEMENT
Edition statement 5th (Part-1)
260 ## - PUBLICATION, DISTRIBUTION, ETC.
Place of publication, distribution, etc. New Delhi
Name of publisher, distributor, etc. Viva
Date of publication, distribution, etc. 2001.
500 ## - GENERAL NOTE
General note Paperback.
563 ## - BINDING INFORMATION
Binding note paperback
942 ## - ADDED ENTRY ELEMENTS (KOHA)
Koha item type Book
Source of classification or shelving scheme
Holdings
Withdrawn status Lost status Source of classification or shelving scheme Damaged status Not for loan Permanent Location Current Location Shelving location Date acquired Full call number Barcode Date last seen Price effective from Koha item type
          School of Mechanical & Manufacturing Engineering (SMME) School of Mechanical & Manufacturing Engineering (SMME) General Stacks 07/03/2015 670.423 CHA SMME-342 03/30/2018 07/03/2015 Book
© 2023 Central Library, National University of Sciences and Technology. All Rights Reserved.